[Event "7. Cto. del Mundo equipos def. visuales"]
[Site "Zaragoza ESP"]
[Date "2013.06.15"]
[Round "4.31"]
[White "Gunajew, Rafal"]
[Black "Dimic, Pavle"]
[Result "1-0"]
[WhiteElo "2294"]
[BlackElo "2218"]
[PlyCount "101"]
[EventDate "2013.06.12"]
[EventType "team-tourn"]
[EventCountry "ESP"]
[Source "lmi"]
[SourceDate "2013.06.12"]

1. e4 c5 2. Nf3 d6 3. d4 cxd4 4. Nxd4 Nf6 5. Nc3 Nc6 6. Bg5 e6 7. Qd2 a6 8.
O-O-O Bd7 9. f4 Be7 10. Nf3 b5 11. e5 b4 12. exf6 bxc3 13. Qxc3 gxf6 14. Bh4 d5
15. Qd2 Qa5 16. Qxa5 Nxa5 17. Bd3 Nc6 18. c3 Rg8 19. g3 h6 20. Rhe1 Na5 21. Bc2
Nc4 22. f5 Nb6 23. fxe6 fxe6 24. Nd4 Kf7 25. Re2 Bd8 26. Rde1 Re8 27. g4 Nc4
28. Rf2 Kg7 29. Ref1 Rf8 30. g5 hxg5 31. Bxg5 f5 32. Bxd8 Raxd8 33. Ba4 Rf6 34.
Rg1+ Kf7 35. Bxd7 Rxd7 36. Rfg2 Ke7 37. Rg8 e5 38. Nb3 f4 39. Nc5 Rc7 40. Nxa6
Rcc6 41. Nb4 Rcd6 42. b3 Ne3 43. Kd2 d4 44. c4 f3 45. c5 Rd8 46. R1g7+ Ke6 47.
Rxd8 f2 48. Re8+ Kf5 49. Nd3 Ng4 50. Rxe5+ Nxe5 51. Nxf2 1-0

[Event "7. Cto. del Mundo equipos def. visuales"]
[Site "Zaragoza ESP"]
[Date "2013.06.16"]
[Round "5.21"]
[White "Palacios Perez, Manuel"]
[Black "Nizam, Rasim"]
[Result "1/2-1/2"]
[WhiteElo "2194"]
[BlackElo "2222"]
[PlyCount "199"]
[EventDate "2013.06.12"]
[EventType "team-tourn"]
[EventCountry "ESP"]
[Source "lmi"]
[SourceDate "2013.06.12"]

1. d4 Nf6 2. c4 e6 3. Nc3 Bb4 4. e3 O-O 5. Bd3 c5 6. Nge2 Nc6 7. O-O d6 8. Qc2
Bxc3 9. Qxc3 e5 10. d5 Ne7 11. Ng3 b5 12. b3 Ng6 13. f4 b4 14. Qc2 exf4 15.
exf4 Re8 16. Bd2 Bd7 17. h3 a5 18. a3 Qc8 19. Nf5 Bxf5 20. Bxf5 Qc7 21. Kh2 Re2
22. Bd3 Ree8 23. Ra2 Ra7 24. Rfa1 Rea8 25. Re1 Re8 26. Rxe8+ Nxe8 27. Qb1 Qe7
28. Qf1 Nf6 29. Qf3 Qd7 30. g4 a4 31. Bf5 axb3 32. Bxd7 bxa2 33. Qd1 Rxa3 34.
Qa1 Nxd7 35. Bc1 Rc3 36. Bb2 Rc2+ 37. Kg3 b3 38. Bxg7 f6 39. Bh6 Rxc4 40. Qe1
Ndf8 41. Qa5 Re4 42. h4 Re3+ 43. Kf2 Re7 44. Qa6 Nxh4 45. f5 c4 46. Qa8 Rf7 47.
Bd2 Rb7 48. Bh6 Rf7 49. Bd2 h5 50. Kg3 hxg4 51. Kxh4 Rh7+ 52. Kxg4 Rh1 53. Bc3
Rg1+ 54. Kf3 Rf1+ 55. Ke3 Rxf5 56. Qc8 Rf1 57. Qxc4 a1=Q 58. Bxa1 Rxa1 59. Qxb3
Re1+ 60. Kd4 Re7 61. Qg3+ Kf7 62. Qxd6 Nd7 63. Qh2 Ne5 64. d6 Ra7 65. Qh7+ Ke6
66. Qh8 Ra4+ 67. Kc5 Nd7+ 68. Kb5 Rd4 69. Qh2 Rxd6 70. Qa2+ Ke7 71. Qa3 Ne5 72.
Qa7+ Ke6 73. Qa8 Rd5+ 74. Kb4 Rd6 75. Qc8+ Kd5 76. Qc5+ Ke6 77. Qc8+ Ke7 78.
Qc7+ Nd7 79. Qc4 f5 80. Qf4 Ke6 81. Kc4 Ne5+ 82. Kc3 Rd3+ 83. Kc2 Rf3 84. Qd4
f4 85. Kd2 Kf5 86. Ke2 Rh3 87. Qd5 f3+ 88. Ke3 Rh2 89. Qe4+ Ke6 90. Qa8 Re2+
91. Kf4 Kd6 92. Qa3+ Kd5 93. Qb3+ Kd4 94. Qb6+ Kd3 95. Qd6+ Kc2 96. Kg3 Re4 97.
Qd5 Re2 98. Qd6 f2 99. Qc5+ Kd2 100. Qxf2 1/2-1/2

[Event "7. Cto. del Mundo equipos def. visuales"]
[Site "Zaragoza ESP"]
[Date "2013.06.17"]
[Round "6.11"]
[White "Krishna, Udupa"]
[Black "Mueller, Oliver"]
[Result "0-1"]
[WhiteElo "1853"]
[BlackElo "2289"]
[PlyCount "78"]
[EventDate "2013.06.12"]
[EventType "team-tourn"]
[EventCountry "ESP"]
[Source "lmi"]
[SourceDate "2013.06.12"]

1. e4 c5 2. b3 e6 3. Bb2 Nc6 4. Nf3 d6 5. Bb5 Bd7 6. O-O Nf6 7. Re1 Be7 8. d4
cxd4 9. Nxd4 O-O 10. Nxc6 bxc6 11. Bd3 e5 12. Nd2 Bg4 13. Be2 Be6 14. Bf3 Nd7
15. g4 a5 16. a4 Rc8 17. Qe2 d5 18. Nf1 d4 19. Nd2 Bb4 20. Rf1 h5 21. Rad1 hxg4
22. Bxg4 Qg5 23. f3 Nf6 24. h3 Nh5 25. Qf2 Nf4 26. Kh2 Bxg4 27. fxg4 Bxd2 28.
Qxd2 c5 29. Kg3 Rc6 30. h4 Qd8 31. Bc1 Rg6 32. Kf3 Qxh4 33. Rg1 Rf6 34. g5 Qh3+
35. Rg3 Nh5+ 36. gxf6 Qxg3+ 37. Ke2 Nf4+ 38. Kf1 Qf3+ 39. Kg1 Ne2+ 0-1

[Event "7. Cto. del Mundo equipos def. visuales"]
[Site "Zaragoza ESP"]
[Date "2013.06.20"]
[Round "8.11"]
[White "Palacios Perez, Manuel"]
[Black "Meshkov, Yuri A"]
[Result "0-1"]
[WhiteElo "2194"]
[BlackElo "2356"]
[PlyCount "65"]
[EventDate "2013.06.12"]
[EventType "team-tourn"]
[EventCountry "ESP"]
[Source "lmi"]
[SourceDate "2013.06.12"]
[WhiteTeam "SPAIN"]
[BlackTeam "RUSSIA"]
[BlackTeamCountry "RUS"]

1. d4 e6 2. c4 Bb4+ 3. Nc3 c5 4. e3 Nf6 5. Nge2 b6 6. a3 Ba5 7. Rb1 Na6 8. g3
Bb7 9. d5 exd5 10. Bg2 Bxc3+ 11. Nxc3 Nc7 12. cxd5 Ba6 13. d6 Ne6 14. Bxa8 Qxa8
15. f3 O-O 16. Kf2 Bb7 17. b4 Ng4+ 18. Kg2 cxb4 19. Rxb4 Ne5 20. e4 f5 21. Bf4
Nxf4+ 22. gxf4 Ng6 23. Nd5 fxe4 24. Ne7+ Kh8 25. Nxg6+ hxg6 26. Kg3 g5 27. fxe4
gxf4+ 28. Kf3 Qe8 29. Kf2 Qe5 30. Qd4 Qh5 31. Rg1 Rf6 32. e5 Qxh2+ 33. Rg2 0-1

[Event "7. Cto. del Mundo equipos def. visuales"]
[Site "Zaragoza ESP"]
[Date "2013.06.20"]
[Round "8.64"]
[White "Dima, Mihai"]
[Black "Znuderl, Matej"]
[Result "1-0"]
[WhiteElo "1919"]
[BlackElo "1992"]
[PlyCount "143"]
[EventDate "2013.06.12"]
[EventType "team-tourn"]
[EventCountry "ESP"]
[Source "lmi"]
[SourceDate "2013.06.12"]
[WhiteTeam "ROMANIA"]
[BlackTeam "SLOVENIA"]
[WhiteTeamCountry "ROM"]
[BlackTeamCountry "SLO"]

1. e4 e6 2. d4 d5 3. e5 c5 4. c3 Qb6 5. Nf3 Nc6 6. a3 c4 7. Nbd2 Na5 8. g3 Bd7
9. h4 f6 10. exf6 gxf6 11. Bh3 O-O-O 12. O-O h5 13. Re1 Re8 14. Rb1 Bh6 15. Qc2
f5 16. Ne5 Nf6 17. Nf7 Bxd2 18. Bxd2 Rhf8 19. Ne5 Ne4 20. Bf4 Nc6 21. Qe2 Nf6
22. Nxc6 Bxc6 23. Be5 Ng4 24. Bxg4 fxg4 25. Bf4 Ba4 26. Rbc1 Rf5 27. Qd2 Ref8
28. Re2 Bd7 29. Rce1 R8f6 30. Re5 Be8 31. Rxf5 Rxf5 32. Qe2 Rf6 33. Kh2 Bg6 34.
Qd2 Bd3 35. Re5 Rf5 36. Rxf5 exf5 37. Be5 Qe6 38. Qg5 Qe8 39. Qg7 Qd8 40. Qf7
Be4 41. Qxh5 Kd7 42. Qh6 Qe7 43. h5 a6 44. Qh8 Qf7 45. Qh6 Ke8 46. Qg5 Qh7 47.
h6 Bf3 48. Qf6 f4 49. Qe6+ Kd8 50. Qd6+ Ke8 51. Qb8+ Kf7 52. Qxb7+ Kg6 53.
Qxa6+ Kh5 54. Qf6 Qxh6 55. Qxh6+ Kxh6 56. a4 Bd1 57. a5 f3 58. Kg1 Kg5 59. Kf1
Kf5 60. Ke1 Ba4 61. a6 Ke4 62. Kd2 Bd7 63. a7 Bc6 64. Bf4 Ba8 65. Kc2 Bb7 66.
b3 cxb3+ 67. Kxb3 Kd3 68. Kb4 Ba8 69. Be3 Kc2 70. c4 dxc4 71. Kxc4 Kb2 72. d5
1-0